La villa de Portezuelo y su territorio : (Record no. 196209)

MARC details
000 -LEADER
campo de control de longitud fija 01710nam a2200397 i 4500
001 - NÚMERO DE CONTROL
campo de control 196209
003 - IDENTIFICADOR DE NÚMERO DE CONTROL
campo de control ES-MaACL
005 - FECHA Y HORA DE LA ÚLTIMA TRANSACCIÓN
campo de control 20260216183929.0
008 - DATOS DE LONGITUD FIJA--INFORMACIÓN GENERAL
campo de control de longitud fija 240818s2021 sp a | |||| 000 0 spa
015 ## - NÚMERO DE BIBLIOGRAFÍA NACIONAL
Número de bibliografía nacional MON21
017 ## - NÚMERO DE COPYRIGHT O DE DEPÓSITO LEGAL
Número de copyright o de depósito legal BA 678-2021
Agencia que asigna Oficina Depósito Legal Badajoz
035 ## - NÚMERO DE CONTROL DEL SISTEMA
Número de control de sistema (SpMaBN)a7143677
035 ## - NÚMERO DE CONTROL DEL SISTEMA
Número de control de sistema 991043979239708606
040 ## - FUENTE DE CATALOGACIÓN
Centro catalogador/agencia de origen SpMaBN
Lengua de catalogación spa
Centro/agencia transcriptor SpMaBN
Normas de descripción rda
080 ## - NÚMERO DE LA CLASIFICACIÓN DECIMAL UNIVERSAL
Número de la Clasificación Decimal Universal 94(460.251 Portezuelo)
080 ## - NÚMERO DE LA CLASIFICACIÓN DECIMAL UNIVERSAL
Número de la Clasificación Decimal Universal 908(460.251 Portezuelo)
100 ## - ENTRADA PRINCIPAL--NOMBRE DE PERSONA
Nombre de persona Leal Muro, Alejo
9 (RLIN) 238507
Término indicativo de función/relación Autor
245 13 - MENCIÓN DEL TÍTULO
Título La villa de Portezuelo y su territorio :
Resto del título sueños de historia /
Mención de responsabilidad, etc. Alejo Leal Muro, José Antonio Ramos Rubio, Óscar García Ballestero.
264 #1 - PRODUCCIÓN, PUBLICACIÓN, DISTRIBUCIÓN, FABRICACIÓN Y COPYRIGHT
Producción, publicación, distribución, fabricación y copyright [Portezuelo, Cáceres?] :
Nombre del de productor, editor, distribuidor, fabricante [editor no identificado],
Fecha de producción, publicación, distribución, fabricación o copyright [2021].
264 #3 - PRODUCCIÓN, PUBLICACIÓN, DISTRIBUCIÓN, FABRICACIÓN Y COPYRIGHT
Producción, publicación, distribución, fabricación y copyright [Portezuelo, Cáceres?] :
Nombre del de productor, editor, distribuidor, fabricante Iberprint Montijo,
Fecha de producción, publicación, distribución, fabricación o copyright [2021].
300 ## - DESCRIPCIÓN FÍSICA
Extensión 352 páginas, 72 páginas de láminas sin numerar :
Otras características físicas fotografías (blanco y negro y color) ;
Dimensiones 21 cm.
336 ## - TIPO DE CONTENIDO
Término de tipo de contenido Texto
Fuente rdacontent
337 ## - TIPO DE MEDIO
Nombre/término del tipo de medio sin mediación
Fuente rdamedia
338 ## - TIPO DE SOPORTE
Nombre/término del tipo de soporte volumen
Fuente rdacarrier
504 ## - NOTA DE BIBLIOGRAFÍA, ETC.
Nota de bibliografía, etc. Bibliografía: páginas 319-325
651 #0 - PUNTO DE ACCESO ADICIONAL DE MATERIA--NOMBRE GEOGRÁFICO
Nombre geográfico Portezuelo (Cáceres)-
Subdivisión general Historia
Fuente del encabezamiento o término embne
9 (RLIN) 238508
651 #0 - PUNTO DE ACCESO ADICIONAL DE MATERIA--NOMBRE GEOGRÁFICO
Nombre geográfico Portezuelo (Cáceres)-
Subdivisión general Descripción
Fuente del encabezamiento o término embne
9 (RLIN) 238509
700 1# - ENTRADA AGREGADA--NOMBRE PERSONAL
Nombre de persona Ramos Rubio, José Antonio,
Fechas asociadas al nombre 1963-
Término indicativo de función/relación Autor
9 (RLIN) 174430
700 ## - ENTRADA AGREGADA--NOMBRE PERSONAL
Nombre de persona García Ballestero, Óscar
9 (RLIN) 238510
Término indicativo de función/relación Autor
852 ## - LOCALIZACIÓN
Ubicación ES-MaACL
Sublocalización o colección R.153265
Ubicación en estantería Depósito J
Número de control de estantería N-9284
Donativo/Legado Donación: José Antonio Ramos Rubio
Encuadernación Encuadernación rústica
itemnumber 205325
903 ## - NOMBRE PERSONAL DE DONANTE
a Ramos Rubio, José Antonio,
d 1963-
e Donante
9 174430
942 ## - ELEMENTOS DE ENTRADA SECUNDARIOS (KOHA)
Tipo de ítem Koha Libro impreso
Suprimir en OPAC No
Holdings
Estatus retirado Estado de pérdida Fuente del sistema de clasificación o colocación Estado de daño No para préstamo Biblioteca de origen Biblioteca actual Ubicación en estantería Fecha de adquisición Fuente de adquisición Total de préstamos Signatura topográfica completa Código de barras Visto por última vez Precio de reemplazo Tipo de ítem Koha
    Clasificación decimal universal     Biblioteca del Ateneo de Madrid Biblioteca del Ateneo de Madrid Depósito J 08/05/2025 Donación   N-9284 101230010 08/05/2025 08/05/2025 Libro impreso